00266nam a2200097 4500020001800000082001200018100002300030245003400053260007300087300000800160 a9780702142130 a541 SEL aMailoo Selvaratnam aA Guided Approach to Learning aSouth AfricabDepartmenr of Chemistry University of North westc1998 a265